Football: les adversaires Français du Benfica en Coupes d'Europe - Statistiques

Statistiques générales
  • Ce quiz a été pris 396 fois
  • Le résultat moyen est 8 sur 10
Statistiques - réponses
Réponse % Correct
Paris SG
100%
Olympique de Marseille
98%
Olympique Lyonnais
95%
AS Monaco
89%
Girondins de Bordeaux
85%
Lille OSC
83%
AS Saint-Etienne
76%
FC Nantes
69%
Montpellier HSC
51%
SC Bastia
33%
Aucun quiz correspondant
Distribution des résultats
% des personnes avec chaque résultat
Percentile par nombre de réponses
Votre historique - résultats
Vous n’avez pas pris ce quiz